[Event "Metz 2017"]
[Site "?"]
[Date "2017.07.29"]
[Round "?"]
[White "Villar Reymundo, Juan Antonio"]
[Black "Steffens, Olaf"]
[Result "0-1"]
[WhiteElo "2230"]
[BlackElo "2230"]
[Annotator "Olaf Steffens"]
[PlyCount "160"]
[EventDate "2017.??.??"]

1. d4 b5 2. e4 a6 3. Bd3 Bb7 4. Nf3 Nf6 5. Nbd2 e6 6. O-O c5 7. c3 Nc6 8. Re1
Be7 9. Nf1 Qb6 10. Bb1 d5 11. e5 Ne4 12. Ng3 Nxg3 13. hxg3 cxd4 14. cxd4 b4 15.
Bc2 a5 16. Ba4 Rc8 17. Bg5 Bf8 18. Re2 h6 19. Be3 Ba6 20. Rc2 Bb5 21. Bxb5 Qxb5
22. Rac1 b3 23. axb3 Qxb3 24. Nh2 (24. Ne1 Qb5 25. Nd3 Be7 26. Nf4 g6 27. Nd3
h5 28. Rc3) 24... Qb6 25. Qg4 h5 26. Qf4 Be7 27. Nf3 Rf8 28. Ng5 Kd7 29. Nf3 (
29. Nh7 Rh8 30. Qxf7 Rxh7 31. Bg5 {aus}) 29... Na7 30. g4 Rxc2 31. Rxc2 Qb3 32.
Re2 g5 33. Qg3 h4 34. Qh3 Bb4 35. Kh2 Qd1 36. Ng1 Nc6 37. Bxg5 Nxd4 38. Re3 Nc6
39. Qf3 Qxf3 40. Nxf3 Bc5 41. Re2 Nd4 42. Nxd4 Bxd4 43. Bd2 a4 44. Bc3 Bc5 (
44... Bxc3 45. bxc3 a3 46. Ra2 Ra8 47. f4 Kc6 $19) 45. Kh3 Rh8 46. Rd2 Kc6 47.
g5 Kb5 48. Bd4 Be7 49. f4 Kc4 50. Bf2 Kb3 51. Bd4 Bb4 52. Rd3+ Kc2 53. Rf3 Bd2
54. Ra3 Ra8 55. b3 Kd3 56. Ba1 Bc1 57. Rxa4 Rxa4 58. bxa4 Bxf4 59. Kxh4 d4 60.
a5 Bxe5 61. g6 fxg6 62. Kg5 Kc4 63. Kxg6 d3 64. a6 Bb8 65. Be5 d2 (65... Ba7
66. Bf4 e5 $19) 66. Bxb8 d1=Q 67. a7 Qd5 (67... Qg4+ 68. Kf6 Qxg2 69. Kxe6 {hm?
}) 68. g4 Qb7 69. g5 Kd5 70. Kf6 e5 71. g6 Qa6+ 72. Kf5 Qc8+ 73. Kf6 Qc6+ 74.
Kf5 Qc8+ 75. Kf6 Qf8+ 76. Kg5 Qf4+ 77. Kh5 Qh2+ 78. Kg5 Qg2+ 79. Kh5 Ke6 80.
Bxe5 Kf5 0-1

[Event "British Championship, Llandudno"]
[Site "?"]
[Date "2017.08.03"]
[Round "6"]
[White "McShane, L."]
[Black "Howell, D."]
[Result "1-0"]
[WhiteElo "2644"]
[BlackElo "2702"]
[Annotator "Luke McShane"]
[PlyCount "83"]
[EventDate "2017.??.??"]
[SourceTitle "Chess 2017 #09"]
[SourceDate "2017.08.22"]
[SourceVersion "1"]
[SourceVersionDate "2017.08.22"]
[SourceQuality "1"]

{Kommentare von Luke McShane in CHESS Magazine – September 2017.} 1. e4 e6 {
I noticed that David had been playing 1...e5, the Caro-Kann, and the French as
Black lately. I had reckoned the French as the least likely option, so had not
given it much thought in my preparation.} ({In the famous game Kamsky-Karpov,
Dortmund 1993, after} 1... c6 2. d4 d5 3. Nd2 dxe4 4. Nxe4 Nd7 5. Ng5 Ngf6 6.
Bd3 e6 7. N1f3 Bd6 8. Qe2 h6 9. Ne4 Nxe4 10. Qxe4 Nf6 11. Qh4 {, Karpov played
the powerful} Ke7 {, which threatened ...g7-g5 to harass the white queen.
Kamsky felt obliged to sacrifice a pawn with} 12. Ne5 {, allowing} Bxe5 13.
dxe5 Qa5+ {, and Karpov won after a hard fight.}) 2. d4 d5 3. Nd2 c5 4. Ngf3
cxd4 5. Nxd4 Nc6 6. Bb5 Bd7 7. Nxc6 bxc6 8. Bd3 {[#] In this line White enjoys
easier development, but Black's strong central pawns are a long-term asset.}
Qc7 9. Qe2 Bd6 10. Nf3 dxe4 11. Qxe4 Nf6 12. Qh4 h6 {In this position,
analogous to Kamsky-Karpov above, I knew I needed to tread carefully. Castling
kingside might run into a similar attack.} 13. Bd2 c5 14. O-O-O {[#]} Rb8 ({Now
} 14... O-O $2 {is met by} 15. Bxh6 $1 {, so the text is a constructive
waiting move. White's king is in some danger on c1 as well.}) 15. Rhe1 {
I thought centralising the rook must be reasonable, and I couldn't figure out
how David was planning to complete his development here.} Bc6 (15... Ke7 $2 16.
Bc3 g5 17. Qh3 g4 $4 18. Qh4 {shows a drawback of leaving the king in the
centre.}) 16. Bc3 {[#]} Bxf3 $1 {Only here did I understand how he planned to
make a home for his king.} 17. gxf3 Bf4+ 18. Kb1 Ke7 {In my mind's eye, I had
added the moves ...g7-g5 and Qh4-h3 before looking at this position. In that
case, Qh3-f5! attacks the knight on f6, and Black's edifice collapses. Here,
though, the knight remains stable and the queen is restricted on h4.} 19. b3 (
19. Bc4 {was a natural alternative, but I didn't want to allow rook exchanges
on the d-file, which would bring us closer to an endgame where my wrecked
kingside structure could be the decisive factor.}) 19... Rhd8 (19... c4 $1 {
was surprisingly strong here.} 20. Bxf6+ ({The pawn is poisoned, as} 20. Bxc4
g5 $1 {protects the bishop on f4 with gain of tempo, and then Black will
simply capture on c4 due to the pin on the b-file.} (20... Z0)) ({Instead, I
had a too-clever-by-half response planned:} 20. Re4 $4 cxd3 21. Rc4 {,
attacking the queen and recovering the piece. When it finally dawned on me
that the rook on c4 is en prise, I realised that I only had one option here.})
20... gxf6 21. Bxc4 {and now} Rhd8 $1 {, when the draughty queenside dark
squares provide Black with plenty of compensation for the pawn;} ({but not} 
21... Qxc4 22. Re4 {.})) 20. Bb2 {The purpose of this move is to block the pin
on the b-file.} ({I had thought David's last move was impossible because of} 
20. Rg1 {, but now I saw that there was more to the story:} c4 $1 21. Rxg7 {
. Here Black has two ways to meet the attack on f6: 21...Be5 or 21...e5. David
told me his attention was focused on} Be5 ({I focused on} 21... e5 {the latter
option, and decided White was probably lost, but I missed the extraordinary
resource} 22. Rg4 $3 {and then} cxd3 23. Rxf4 {, which leaves White easily
winning}) 22. Bxe5 Qxe5 {, which leads to a draw by repetition:} 23. Qxc4 Nd5
24. Qh4+ Kf8 25. Rdg1 Nc3+ 26. Kc1 Nxa2+ 27. Kd2 Qc3+ 28. Ke2 Qe5+ {etc.})
20... Rd5 {[#] Yet another move I failed to anticipate.} (20... Bxh2 {is a
very risky pawn grab, on account of} 21. Re4 $1 {, preparing Rd1-h1.}) ({
Black really needs to maintain the dark-square blockade. With that in mind,} 
20... Rb4 {is a move I was pondering. Then} 21. a3 Rbd4 $1 {is a thematic
exchange sacrifice to strengthen the grip on the central dark squares.}) 21.
Re4 $1 Rf5 $2 {A very precarious post for the rook.} (21... Bg5 {was a better
choice, in my view. It leads to some weird tactics:} 22. Qg3 $1 Qxg3 23. hxg3
Nxe4 24. fxe4 Rd7 $1 25. f4 c4 $1 {(the rook had to go to d7 to avoid a pin by
Bb2-a3 here, while still preparing to double on the b-file in case of 26 bxc4)}
26. Be2 Rxd1+ 27. Bxd1 Bxf4 28. gxf4 {. Normally two bishops would easily
outweigh the rook and pawn, but Black's kingside pawns are dressed and ready
to go. I marginally prefer White, but I think David underestimated his chances
here.}) 22. Ra4 Rd8 23. Rg1 $6 (23. Re1 {was simpler. After} Rxd3 24. cxd3 Kf8
{, Black has reasonable compensation for the exchange, but I prefer White.})
23... Rg5 $6 (23... Bg5 24. Qg3 Rf4 $1 {was the way to stay in the game. White
can force a favourable endgame with} 25. Rxf4 Qxf4 26. Be5 Qxg3 27. hxg3 {
, but there is still all to play for.}) 24. Re1 {[#]} Nh5 $2 {In theory, this
was the decisive error;} ({but the correct idea here would be almost
impossible to choose when short of time, as we both were:} 24... Nd5 $1 25.
Bxg7 f6 26. Bxf6+ Kxf6 27. Qxh6+ Kf7 {and even though e6 falls with check,
Black's extra piece ensures he has enough resources to hold the position.}) 25.
Bxg7 $1 Nxg7 26. Rxf4 {[#] With a pawn less, and the blockage broken, Black is
in desperate trouble.} Kf8 27. Rg4 Rxg4 $6 (27... Rh5 $1 28. Qf6 Ne8 29. Qh8+
Ke7 {prepares ...Ne8-f6, so Black can still fight.}) 28. fxg4 Rd4 29. Qxh6 Rxg4
30. h3 c4 $6 (30... Rg2 $2 31. Be4 Qe5 32. f4 {wins.}) (30... Qh2 $1 {was the
last chance to cause a nuisance in time trouble.}) 31. hxg4 cxd3 32. cxd3 {
The rest needs no comment.} Qc3 33. Qe3 Ne8 34. Rc1 Qg7 35. g5 Qh7 36. Qe4 Qh2
37. Qb4+ Kg7 38. Qd4+ e5 39. Qxa7 Nd6 40. Qe7 e4 41. dxe4 Qf4 42. Qf6+ 1-0

[Event "92nd ch-FRA 2017"]
[Site "Agen FRA"]
[Date "2017.08.25"]
[Round "7.4"]
[White "Jolly, J."]
[Black "Fressinet, L."]
[Result "0-1"]
[WhiteElo "2381"]
[BlackElo "2650"]
[Annotator "Dr. Oliver Höpfner"]
[PlyCount "50"]
[EventDate "2017.08.19"]
[EventType "tourn"]
[EventRounds "9"]
[EventCountry "FRA"]
[EventCategory "14"]
[SourceTitle "The Week in Chess 1190"]
[Source "Mark Crowther"]
[SourceDate "2017.08.28"]
[SourceVersion "1"]
[SourceVersionDate "2017.08.28"]
[SourceQuality "2"]

1. e4 e5 2. Nf3 Nc6 3. Bc4 Nf6 4. d3 Bc5 5. O-O d6 6. a4 a6 7. c3 Ba7 8. Re1
O-O 9. h3 h6 10. Nbd2 {[#]} Be6 {Ungewöhnlich auf Großmeisterebene. In
Partien auf höchstem Niveau wurde an dieser Stelle häufig} (10... Ne7 {
gespielt. Auch 10...Sh5 und 10...Te8 kamen schon vor. Hier ein paar Beispiele
von Spielern über 2700:} 11. Nf1 Ng6 12. Ba2 (12. Ng3 c6 13. Ba2 Be6 14. Bxe6
fxe6 15. d4 exd4 16. cxd4 d5 17. exd5 exd5 18. Qd3 Ne7 19. Bd2 Bb8 20. Bb4 Bd6
21. Bxd6 Qxd6 22. Re3 Rae8 23. Ne5 Qc7 24. b4 Nc8 25. Rc1 Qd8 26. b5 axb5 27.
axb5 cxb5 28. Qxb5 Nd6 29. Qb3 b5 30. Rce1 Qa5 31. Qb1 Qb6 32. Qg6 Qc7 33. Qd3
Re6 34. Ne2 Rfe8 35. Nf4 R6e7 36. Nfg6 Re6 37. Qb1 Qb7 38. Qb4 Nf5 39. Rf3 Ne7
40. Nf4 Nc6 41. Qb2 R6e7 42. Rfe3 Na7 43. Qb3 Nc8 44. Qb4 Nd7 45. h4 Nxe5 46.
dxe5 Rf7 47. Nh5 Qe7 48. Qd4 Ref8 49. e6 Rf5 50. Nxg7 Qxg7 51. Rg3 Rg5 52. Rxg5
hxg5 53. Qxd5 {1/2-1/2 (53) Giri,A (2793)-Nakamura,H (2790) Moscow 2016}) 12...
Re8 13. Ng3 Be6 14. Bxe6 Rxe6 15. d4 Qd7 16. Be3 Ree8 17. dxe5 dxe5 18. Bxa7
Rxa7 19. Qxd7 Nxd7 20. Rad1 Nc5 21. a5 Raa8 22. b4 Na4 23. Ne2 Rad8 24. Kf1 f6
25. g3 Ne7 26. Rd2 Rxd2 27. Nxd2 Rd8 28. Nc4 Rd3 29. Rc1 Nc8 30. Ke1 b5 31.
axb6 cxb6 32. Rd1 Rxd1+ 33. Kxd1 Kf7 34. Kc2 Ke6 35. Ne3 Nd6 36. f3 b5 37. Nc1
Nc4 38. Nf5 Kf7 39. g4 Nab6 40. Nb3 Nd7 41. Kd3 Nb2+ 42. Kc2 Nc4 43. Kd3 Nb2+
44. Kc2 Nc4 {1/2-1/2 (44) Giri,A (2782)-Caruana,F (2804) Leuven 2016}) (10...
Nh5 11. Nf1 Qf6 12. Ne3 Nf4 13. Ng4 Qg6 14. Bxf4 exf4 15. d4 Bxg4 16. hxg4 Qxg4
17. Qd3 Ne7 18. Re2 Rad8 19. b4 Bb8 20. b5 axb5 21. axb5 c6 22. Rb1 d5 23. Ba2
dxe4 24. Rxe4 Bd6 25. bxc6 bxc6 26. Rxe7 Bxe7 27. Ne5 Qg5 28. Qc4 Qf6 29. Rb7
c5 30. Nd7 Rxd7 31. Rxd7 cxd4 32. Rxd4 Rd8 33. Rxd8+ Bxd8 34. Qe4 Be7 35. Qd4
Qxd4 36. cxd4 Bf6 37. d5 Be7 38. f3 Bc5+ 39. Kf1 Kf8 40. Bc4 Ke7 41. Bb5 Kd6
42. Be8 f6 43. Bf7 Ke5 44. Be6 f5 45. Bd7 Kf6 46. Ke2 g6 47. Be8 g5 48. Bd7 Bb6
49. Kf1 Ba7 50. Ke2 Bc5 51. Kf1 h5 52. Be8 h4 53. Bd7 Ke5 54. Ke2 {1/2-1/2 (56)
Giri,A (2785)-So,W (2770) Bilbao 2016}) (10... Re8 11. b4 Be6 12. Bxe6 Rxe6 13.
Qc2 Nh5 14. Nf1 Qf6 15. N1h2 Ree8 16. Ng4 Qe6 17. Rb1 Nf6 18. Ne3 Ne7 19. c4
Bxe3 20. Bxe3 Ng6 21. d4 exd4 22. Bxd4 Nd7 23. Ba1 Nde5 24. Nd4 Qxc4 25. Qd2 f6
26. Nf5 Qf7 27. f4 Nc4 28. Qf2 Ne7 29. Nd4 d5 30. f5 dxe4 31. Rxe4 Nc6 32. Ne6
N6e5 33. Bxe5 Nxe5 34. Rd1 Re7 35. Red4 Rae8 36. b5 axb5 37. axb5 c6 38. b6 Rd7
39. Qg3 Rxd4 40. Rxd4 Kh7 41. Kh2 {1/2-1/2 (41) Grischuk,A (2752)-Jakovenko,D 
(2714) Novosibirsk 2016}) 11. a5 Nh5 $146 {Eine Neuerung von Laurent. In der
einzigen Vorgänger-Partie mit Großmeistern wurde hier} (11... Re8 {gespielt.}
12. Bxe6 Rxe6 13. Nf1 d5 14. Qb3 Rb8 15. Ng3 Qd7 16. Be3 Bxe3 17. Rxe3 dxe4 18.
Nxe4 Nxe4 19. dxe4 Rd6 20. Ree1 g6 21. Red1 Rd8 22. Rxd6 cxd6 23. Qb6 Qe7 24.
Rd1 Rd7 25. b4 Qd8 26. Qe3 d5 27. exd5 Rxd5 28. Rxd5 Qxd5 29. Qxh6 e4 30. Qd2
Ne7 31. Nd4 Nc8 32. Qf4 Nd6 33. Qf6 Nc4 34. Qf4 Ne5 35. Qg5 Qd6 36. h4 f6 37.
Qe3 Qd5 38. f3 exf3 39. gxf3 Qd7 40. Kg2 Kg7 41. f4 Qd5+ 42. Kg3 Nc6 43. Qe6
Qh1 44. Qd7+ Kh6 45. Nf3 Qc1 46. Qc8 {1-0 (46) Malakhov,V (2693)-Georgiev,K 
(2613) Sibenik 2016}) (11... Qe7 {wurde in einer U10-Partie vom späteren
englischen Großmeister David Howell gespielt.} 12. Nf1 Qd7 13. Qb3 Rab8 14.
Ne3 Nh5 15. Nd5 Bxh3 16. gxh3 Qxh3 17. Qd1 Qg3+ 18. Kh1 Bxf2 19. Rg1 Qh3+ 20.
Nh2 Ng3+ 21. Rxg3 Bxg3 22. Qe2 Kh8 23. Ne3 Bf4 24. Ng2 Qxh2# {0-1 (24)
Dudukovic,N-Howell,D Chalkidiki 2000}) {Die Idee von Laurents Zug ist die
rasche Überführung des Springers nach f4.} 12. Bxe6 fxe6 13. Nc4 Qf6 14. Be3
Nf4 15. Kh2 $6 {[#] Fragwürdig. Sicherer ist hier} (15. Bxf4 Qxf4 16. Qb3 Rab8
17. Ne3 $11) 15... d5 $1 {Ein guter Zug. Laurent bekommt durch diesen
thematischen Vorstoß im Zentrum eine starke Initative.} 16. Bxa7 dxc4 17. Bc5
$6 {Erneut nicht das Genauste. Mit} (17. Be3 Nxd3 18. Rf1 Rad8 19. Nd2 Qh4 ({
Aber nicht} 19... Nxb2 $2 20. Qb1 Nd3 21. Qxb7 Nb8 22. Nxc4 $16) 20. f3 Nd4 $1
21. Rb1 (21. cxd4 $2 exd4 22. Bg1 Nxb2 23. Qc2 c3 $15) 21... Nc6 22. Nxc4 Nxb2
23. Qb3 Nxc4 24. Qxc4 Qf6 25. Rf2 (25. Rxb7 $2 Nxa5 26. Qxa6 Nxb7 27. Qxb7 Rf7
$17) 25... Rb8 $11 {wäre die Stellung in etwa im Gleichgewicht geblieben.
Nach dem Textzug hingegen geht die weiße Position steil bergab.}) 17... Rf7
18. dxc4 Rd8 19. Qb3 $2 {[#] Das verliert.} (19. Nd2 $142 {obgleich Schwarz
nach der denkbaren Variante} Qg6 20. Rg1 Nd3 21. Be3 Nxf2 22. Qe2 Nxe4 23. Nxe4
Qxe4 $17 {mit seinen aktiven Figuren und einem Mehrbauern gut steht.}) 19...
Nxg2 $1 $19 {Der K.-o.-Schlag. Weiß hat keine Verteidigung mehr gegen den
Ansturm der schwarzen Figuren.} 20. Kxg2 (20. Rg1 Qf4+ 21. Kxg2 Qxf3+ 22. Kh2
Nd4 23. Bxd4 Rxd4 24. Qxb7 (24. Qc2 Qf4+ 25. Kh1 Rd2 26. Qb1 Qxf2 27. Qe1 Qh2#)
24... Rd2 25. Qc8+ Kh7 26. Raf1 Rxf2+ 27. Rxf2 Qxf2+ 28. Rg2 Qf4+ 29. Rg3 (29.
Kg1 Qe3+ 30. Kh2 Rf1 31. Qxc7 Qf4+ 32. Rg3 Rf2+ 33. Kh1 Qxe4+ 34. Kg1 Qe1#)
29... Qc1 30. Rg2 Rf1 31. Qxe6 Rh1+ 32. Kg3 Qf4#) 20... Qxf3+ 21. Kh2 (21. Kg1
Rf6 22. Qc2 Rd3 23. Red1 Rg6+ 24. Kf1 (24. Kh2 Qg2#) 24... Qg2+ 25. Ke2 Qxe4+
26. Kf1 (26. Be3 Rxe3+ $1 27. fxe3 (27. Kd2 Re2+ 28. Kc1 Qxc2#) 27... Rg2+ 28.
Kf1 Qxc2 29. Re1 Qf2#) 26... Qh1+ 27. Ke2 Qf3+ 28. Kf1 Qxh3+ 29. Ke2 Qf3+ 30.
Kf1 e4 $19) 21... Nd4 $5 ({Auch gut ist} 21... Rd3 22. Be3 Rxe3 23. Rxe3 (23.
fxe3 Qf2+ 24. Kh1 Rf3 25. Qxb7 Rxh3#) 23... Qxf2+ 24. Kh1 Qxe3 $19) 22. Qd1 (
22. Bxd4 Rxd4 23. Qc2 Qf4+ 24. Kg1 Rd2 25. Qc1 Qxf2+ 26. Kh1 Qg2#) 22... Qxf2+
{[#] Jolly gab auf - 0:1. Das Matt kann nicht mehr vernünftig verhindert
werden. Ein denkbarer Partieschluß:} 23. Kh1 Rf3 24. Qxf3 Qxf3+ 25. Kh2 Ne2
$19 {und Schwarz setzt in wenigen Zügen Matt.} 0-1

[Event "ROM-chTA"]
[Site "Olanesti"]
[Date "2012.10.06"]
[Round "1.2"]
[White "Miroiu, George Catalin"]
[Black "Dinu, Dumitru Daniel"]
[Result "1/2-1/2"]
[WhiteElo "2337"]
[BlackElo "2274"]
[Annotator "M.K. Gute Eröffnungen 13"]
[PlyCount "38"]
[EventDate "2012.10.06"]
[EventType "team-tourn"]
[EventRounds "9"]
[EventCountry "ROU"]
[SourceTitle "CBM 150 Extra"]
[Source "ChessBase"]
[SourceDate "2012.10.19"]
[SourceVersion "1"]
[SourceVersionDate "2012.10.19"]
[SourceQuality "1"]
[WhiteTeam "Ploiesti"]
[BlackTeam "Giurgiu"]
[WhiteTeamCountry "ROU"]
[BlackTeamCountry "ROU"]

1. d4 Nf6 2. c4 e6 3. Nf3 c5 4. Nc3 cxd4 5. Nxd4 a6 6. e4 Qc7 7. Be2 b6 8. O-O
Bb7 9. Qd3 $1 {[#] Der letzte Schrei in dieser Variante. Die Idee ist, dass
die weiße Dame in einigen Abspielen nach h3 schwenken kann, um von dort aus
die Punkte e6 und h7 zu attackieren.} d6 10. f4 Nbd7 11. b4 Be7 12. Bb2 O-O 13.
Rac1 Rfe8 (13... Rac8 14. a3 Qb8 15. g4 Qa8 16. g5 $1 {Ein überraschendes
Bauernopfer: Weiß gibt seinen wichtigen Zentralbauern auf e4, um Zeit für
seinen Königsangriff zu gewinnen.} Nxe4 {[#]} 17. Qh3 Nxg5 (17... Nd2 18. Bd3
g6 19. Nd5 Bxd5 20. Qh6 f5 21. cxd5 e5 22. Nc6 Rf7 (22... Rce8 23. fxe5 dxe5
24. Bxf5 $1 $18) 23. Rf2 Nb3 24. fxe5 Bf8 25. Qh3 Nxe5 26. Rd1 $18) 18. fxg5
Bxg5 {[#] Schwarz konnte den ersten Angriff mit einem Beschwichtigungsopfer
abwehren, aber der Springer ist hier stärker als drei Bauern.} 19. Rcd1 Rce8
20. b5 Bf6 21. Rf2 Be5 22. Nf3 Nc5 23. Nxe5 dxe5 24. bxa6 Bxa6 25. Na4 Nxa4 26.
Bxe5 Rd8 27. Rg2 Rxd1+ 28. Bxd1 g6 29. Qh6 f6 30. Rxg6+ hxg6 31. Qxg6+ Kh8 32.
Bxf6+ Rxf6 33. Qxf6+ Kg8 34. Qxe6+ Kg7 35. Qe5+ Kg8 36. Bxa4 $18) 14. f5 (14.
g4 $1 h6 15. h4 d5 (15... a5 16. a3 axb4 17. axb4 e5 18. Ndb5 Qd8 19. g5 Nh7
20. Nd5 exf4 21. Nxe7+ Qxe7 22. Qd4 Qe5 23. g6 fxg6 24. Nxd6 Ra2 25. Qxe5 Nxe5
26. Rb1 Re7 27. c5 $16) (15... Nf8 16. g5 hxg5 17. hxg5 N6h7 18. Qh3 Rac8 19.
a3 Qb8 20. Rcd1 $16 {Die weißen Figuren sind sehr aktiv, aber noch ist nichts
Entscheidendes passiert.}) 16. cxd5 Bxb4 17. g5 hxg5 18. hxg5 Nc5 19. Qf3 $18)
14... Nf8 15. a3 Rac8 16. fxe6 fxe6 17. Qg3 Bd8 18. Qe3 Ng6 19. Nb3 Ra8 1/2-1/2

[Event "Moscow-ch"]
[Site "Moscow"]
[Date "2014.03.27"]
[Round "6"]
[White "Mozharov, Mikhail"]
[Black "Vorobiov, Evgeny E"]
[Result "1-0"]
[WhiteElo "2557"]
[BlackElo "2590"]
[Annotator "M.K. Gute Eröffnungen 13"]
[PlyCount "91"]
[EventDate "2014.03.22"]
[EventType "swiss"]
[EventRounds "9"]
[EventCountry "RUS"]
[SourceTitle "CBM 159 Extra"]
[Source "ChessBase"]
[SourceDate "2014.04.24"]
[SourceVersion "1"]
[SourceVersionDate "2014.04.24"]
[SourceQuality "1"]

1. e4 c5 2. Nf3 e6 3. d4 cxd4 4. Nxd4 a6 5. c4 Nf6 6. Nc3 Qc7 7. Be2 b6 8. O-O
Bb7 9. Qd3 d6 10. f4 Nbd7 11. b4 g6 12. Be3 Rd8 $6 ({besser ist} 12... Bg7 13.
Rac1 O-O 14. Nb3 $14 {[#] Das scheint mir das Beste zu sein, was Schwarz in
dieser Variante erreichen kann. Weiß hat viel mehr Raum, aber die schwarzen
Konterchancen sind intakt. z.B.} Rfd8 15. Rfd1 Bf8 16. a3 Rac8 17. Nd2 Bg7) 13.
Rac1 Be7 {[#]} 14. Nd5 $3 (14. f5 gxf5 15. exf5 Rg8 16. g3 {[#] In dieser
Stellung habe ich einen Fehler in den Analysen von Kotronias und Semkov
gefunden. Die beiden Autoren geben hier den igeluntypischen Zug e5 an, der
prompt zum Verlust führt, während der typische Igelstachel d5 Vorteil für
Schwarz bringt.} ({besser ist} 16. fxe6 $1 Rxg2+ 17. Kh1 Ne5 18. Nd5 Rg6 19.
Qf5 Nxd5 20. exf7+ Kf8 21. Ne6+ Rxe6 22. cxd5 Bxd5+ 23. Kg1 Qxc1 24. Bxc1 Kg7
25. Bh5 $18) 16... d5 $1 (16... e5 17. Ne6 $18) 17. fxe6 Rxg3+ 18. Kf2 Ne5 19.
exf7+ Kxf7 20. Qf5 Bc8 21. Bh5+ Rg6 22. Bxg6+ hxg6 23. Qg5 Neg4+ (23... Nfg4+
24. Kg1+ Kg8 25. Qf4 dxc4 $17) 24. Ke1 Bxb4 25. Qf4 Qxf4 26. Bxf4 dxc4 $19)
14... exd5 15. cxd5 Nc5 16. bxc5 dxc5 17. Nb3 O-O 18. Bf3 Rfe8 19. a4 $16 Bf8
20. Rfe1 a5 21. Nd2 Qd7 22. Nc4 Ba6 23. Qc2 Rb8 24. Rb1 Qd8 25. Rbd1 Bc8 26. h3
Nh5 27. Bxh5 gxh5 28. e5 Qh4 29. Qe4 Qf6 30. Qf3 Qg6 31. Bf2 Bf5 32. Bh4 b5 33.
axb5 Rxb5 34. e6 fxe6 35. d6 Rbb8 36. d7 Red8 37. Ne5 Qg7 38. Nc6 Rxd7 39. Rxd7
Qxd7 40. Nxb8 Qd5 41. Nc6 Qxf3 42. gxf3 c4 43. Ne7+ Bxe7 44. Bxe7 c3 45. Kf2 c2
46. h4 1-0